Efektívnosť výberu daní na území Slovenskej republiky
Problematika efektívnosti výberu daní na území Slovenskej republiky. Základné teoretické pojmy a základné definície z daňovej oblasti ako daň, subjekt dane, predmet dane, základ dane, daňová politika, daňové zásady a jej fungovanie.
Gespeichert in:
| 1. Verfasser: | |
|---|---|
| Weitere Verfasser: | |
| Format: | Buchkapitel |
| Sprache: | Slowakisch |
| Schlagworte: | |
| Tags: |
Keine Tags, Fügen Sie das erste Tag hinzu!
|
MARC
| LEADER | 00000nla a2200000 4500 | ||
|---|---|---|---|
| 001 | 0239030 | ||
| 005 | 20240502073853.6 | ||
| 041 | 0 | |a slo | |
| 044 | |a SK | ||
| 245 | 1 | 0 | |a Efektívnosť výberu daní na území Slovenskej republiky |c Peter Novák |
| 520 | |a Problematika efektívnosti výberu daní na území Slovenskej republiky. Základné teoretické pojmy a základné definície z daňovej oblasti ako daň, subjekt dane, predmet dane, základ dane, daňová politika, daňové zásady a jej fungovanie. | ||
| 610 | 2 | 0 | |a efektívnosť ekonomická |
| 610 | 2 | 0 | |a Slovensko |
| 610 | 2 | 0 | |a dane |
| 610 | 2 | 0 | |a politika daňová |
| 610 | 2 | 0 | |a sadzby daňové |
| 610 | 2 | 0 | |a pojmy |
| 100 | 1 | |a Novák, Peter | |
| 700 | 1 | |a Meheš, Marek | |